BUBT Library Online Catalog

Language : (Record no. 7034)

000 -LEADER
fixed length control field 00545nam a22001937a 4500
003 - CONTROL NUMBER IDENTIFIER
control field BUBTL
008 - FIXED-LENGTH DATA ELEMENTS--GENERAL INFORMATION
fixed length control field 230503b ||||| |||| 00| 0 eng d
082 ## - DEWEY DECIMAL CLASSIFICATION NUMBER
Classification number 400/ B6234l/ 1935
100 ## - MAIN ENTRY--PERSONAL NAME
9 (RLIN) 5306
Personal name Bloomfield, Leonard
245 ## - TITLE STATEMENT
Title Language :
Remainder of title Leonard Bloomfield
250 ## - EDITION STATEMENT
Edition statement 1st edn.
Remainder of edition statement
260 ## - PUBLICATION, DISTRIBUTION, ETC. (IMPRINT)
Place of publication, distribution, etc. London
Name of publisher, distributor, etc. George Allen & unwin LTD
Date of publication, distribution, etc. c1935
300 ## - PHYSICAL DESCRIPTION
Extent [ix], 468p. :
Other physical details 19 cm.
650 #0 - SUBJECT ADDED ENTRY--TOPICAL TERM
9 (RLIN) 3550
Topical term or geographic name as entry element English
700 ## - ADDED ENTRY--PERSONAL NAME
9 (RLIN) 5306
Personal name Bloomfield, Leonard
856 ## - ELECTRONIC LOCATION AND ACCESS
Password 0
Logon 0
Link text Download
942 ## - ADDED ENTRY ELEMENTS (KOHA)
Source of classification or shelving scheme
Koha item type Books
Holdings
Withdrawn status Lost status Source of classification or shelving scheme Damaged status Not for loan Collection code Permanent location Current location Shelving location Date acquired Source of acquisition Inventory number Total Checkouts Full call number Barcode Date last seen Copy number Price effective from Koha item type
          Fiction Bangladesh University of Business and Technology Library Bangladesh University of Business and Technology Library English Literature Stacks 02/11/2007 Purchase 3480   400/ B6234l/ 1935 BUBTL-20033480 05/03/2023 C-1 05/03/2023 Books

More Information About Library

Library Hours

  • Open: 9.00 am. to 9.00 pm.
  • Only Sunday: 9.00 am. to 6.00 pm.
  • Closed: Holiday

Contact to the University

Bangladesh University of Business and Technology Library

  • Mirpurl-2, 1216.
  • Phone:
  • Fax:
  • E-Mail: admin.library@bubt.edu.bd

Contact to the Library

Contact Person:

Md. Abdul Hakim Shah
Joint Librarian
PABX No:  113
Cell No: 01816332931
E-mail: official: admin.library@bubt.edu.bd
Personal: hakim.shah@bubt.edu.bd


BUBT Library

Copyright © 2021